1941 1167 1362 1574 1396 1366 1117 1000 1696 1582 1605 1192 1312 1119 1657 1933 1934 1521 1114 1609 1576 1913 1054 1608 1176 1661 1083 1228 1080 1020 1200 1333 1052 1428 1950 1678 1011 1218 1503 1817 1016 1460 1331 1496 1035 1147 1470 1368 1335 1689 1833 1809 1957 1910 1853 1139 1204 1969 1287 1947 1982 1557 1575 1974 1722 1193 1028 1397 1029 1445 1033 1752 1183 1773 1186 1793 1814 1620 1276 1297 1255 1551 1493 1268 1255 1405 1298 1526 1879 1953 1019 1232 1096 1221 1445 1369 1009 1984 1869 BCNSPRNW ULIB Ver.6.0+V

เปลี่ยนเป็นภาษาไทย

Change to English
 แสดงรายละเอียดบรรณานุกรม
  กลับหน้าหลัก

Brief Record : Get Marc (ISO 2709) : E-mail record : QR code < ปิดหน้าต่าง
LEADER : 00000nam 2200000uu 4500
001    13399112129
003     ULIB
008    110727s2553||||th 000 0 tha d
020    97897467249821
024    97897467249821(ล.1)
060 04 WY159^bม513ก 2553 ล.1
245 00 การพยาบาลเด็ก เล่มที่ 1=^nPediatric nursing /^cบรรณาธิการ มาลี เอื้ออำนวย,สุธิศา ล่ามช้าง, จรัสศรี เย็นบุตร
250    พิมพ์ครั้งที่ 2
260    เชียงใหม่ :^bคณะพยาบาลศาสตร์ มหาวิทยาลัยเชียงใหม่,^c2553
300     195 หน้า. ;^c26 ซม.
650  7 การพยาบาลกุมารเวชศาสตร์
650  7 เด็ก^xการดูแล
650  7 เด็ก^xโรค
700 0  มาลี เอื้อำนวย,^eบรรณาธิการ
700 0  สุธิศา ล่ามช้าง,^eบรรณาธิการ
700 0  จรัสศรี เย็นบุตร,^eบรรณาธิการ
945    ^p250^l0^i18425
945    ^p250^l0^i18426
945    ^p250^l0^i18427
995    กัณชพร
999     ^aใช้งานได้ทุกระบบ
รายการนี้ยังไม่มีแท็ก
คุณยังไม่ได้ล็อกอิน คุณสามารถมีกิจกรรมร่วมกับเว็บไซต์ได้ แต่ต้องล็อกอินก่อน ::
  ล็อกอิน

รายการสื่อสารสนเทศ

ลำดับที่ ประเภท เลขเรียก/บาร์โค้ด สถานที่ สถานะ
1. วิทยาศาสตร์การแพทย์ และสุขภาพ
วิทยาศาสตร์การแพทย์ และสุขภาพ
WY159 ม513ก 2553 ล.1  
  Barcode: 18425
ห้องสมุดวิทยาเขตนครสวรรค์
►ส่วนจัดเก็บหนังสือเก่า นว.
บนชั้น
  ขอยืม
2. วิทยาศาสตร์การแพทย์ และสุขภาพ
วิทยาศาสตร์การแพทย์ และสุขภาพ
WY159 ม513ก 2553 ล.1 ฉ.2 
  Barcode: 18426
ห้องสมุดวิทยาเขตนครสวรรค์
►ส่วนจัดเก็บหนังสือเก่า นว.
บนชั้น
  ขอยืม
3. วิทยาศาสตร์การแพทย์ และสุขภาพ
วิทยาศาสตร์การแพทย์ และสุขภาพ
สถานะ=หนังสือเก่า
WY159 ม513ก 2553 ล.1 ฉ.3 
  Barcode: 18427
ห้องสมุดวิทยาเขตนครสวรรค์
►ส่วนจัดเก็บหนังสือเก่า นว.
บนชั้น
  ขอยืม

รายการใกล้เคียง
    หัวเรื่อง [การพยาบาลกุมารเวชศาสตร์]
    หัวเรื่อง [เด็ก การดูแล]

BibComment


ยังไม่เคยถูกคอมเมนท์

คอมเมนท์ทรัพยากรรายการนี้
  คอมเมนท์: การพยาบาลเด็ก เล่..


 Copyright 2026. Bcnsprnw @Library